اصول كتابة البحث العلمي : (رقم التسجيلة. 90184)

تفاصيل مارك
000 -الفاتح
عناصر البيانات ثابتة الطول 00763cam a2200205 i 4500
005 - تاريخ ووقت آخر معاملة
حقل ضبط 20251108172845.0
008 - عناصر البيانات ثابتة الطول
عناصر البيانات ثابتة الطول 250721s2003 le gr 000 0 ara d
020 ## - الترقيم الدولي المعياري للكتب (ردمك)
الترقيم الدولي المعياري للكتب (ردمك) 9953429316
082 14 - رقم تصنيف ديوي العشري
رقم التصنيف 001.434
رقم المادة lم ر ع
100 1# - مدخل رئيسي – اسم شخصي
الاسم الشخصي المرعشلي، يوسف
علاقة الشخص بالعمل/ دوره معد.
245 10 - بيان العنوان
العنوان اصول كتابة البحث العلمي :
بيان المسؤولية اعداد د. يوسف المرعشلي.
بقية العنوان و تحقيق المخطوطات /
250 ## - بيان الطبعة
بيان الطبعة الطبعة الثالثة.
264 31 - بيانات النشر، التوزيع…إلخ
مكان النشر، التوزيع...إلخ بيروت :
اسم الناشر، الموزع...إلخ دار المعرفة للطباعة والنشر والتوزيع،
تاريخ النشر، التوزيع...إلخ 2003.
300 ## - الوصف المادي
عدد الوحدات المكونة للوعاء 312 صفحة.
650 17 - مدخل إضافي بالموضوع - مصطلح موضوعي
مصطلح موضوعي أو اسم جغرافي كعنصر مدخل البحث العلمي.
650 17 - مدخل إضافي بالموضوع - مصطلح موضوعي
مصطلح موضوعي أو اسم جغرافي كعنصر مدخل أساليب البحث.
650 17 - مدخل إضافي بالموضوع - مصطلح موضوعي
مصطلح موضوعي أو اسم جغرافي كعنصر مدخل المخطوطات.
942 ## - بيانات إضافية (كوها)
نوع التنصيف Dewey Decimal Classification
نوع المادة (كوها) كتب
المقتنيات
حالة السحب حالة الفقدان مصدر التصنيف حالة التلف غير قابل للإعارة المكتبة الرئيسية المكتبة الحالية موقع الرف تاريخ التزويد الرقم المتسلسل Total Checkouts رقم الإستدعاء الباركود تاريخ آخر ظهور تاريخ الفاتورة نوع المادة (كوها)
    Dewey Decimal Classification     المكتبة المركزية المكتبة المركزية الإعارة 28/07/2025 803608   001.434 / م رع 803608 28/07/2025 28/07/2025 كتب
    Dewey Decimal Classification     المكتبة المركزية المكتبة المركزية الإعارة 18/12/2017 1673876   001.434 / م ر ع PLD00413757 28/07/2025 18/12/2017 كتب
    Dewey Decimal Classification     مكتبة أم قصير والمقابلين العامة مكتبة أم قصير والمقابلين العامة الإعارة 18/12/2017 1673877   001.434/مرع PLD00413758 28/07/2025 18/12/2017 كتب
    Dewey Decimal Classification     مكتبة الاميرة بديعة مكتبة الاميرة بديعة الإعارة 18/12/2017 1673880   001.434/مرع PLD00413761 28/07/2025 18/12/2017 كتب
    Dewey Decimal Classification     مكتبة الجويدة مكتبة الجويدة الإعارة 18/12/2017 1673878   001.434/مرع PLD00413759 28/07/2025 18/12/2017 كتب
    Dewey Decimal Classification     مكتبة بيت السينما مكتبة بيت السينما الإعارة 27/09/2018 1689588   001.434/مرع PLD00434546 28/07/2025 27/09/2018 كتب
Implemented & Customized by: BBB with SCIT (Smart Chains for Information Technology)

Powered by Koha